| 000 | 01053nam a2200289Ia 4500 | ||
|---|---|---|---|
| 001 | D1433 | ||
| 003 | IT-RoPAU | ||
| 008 | 130308s9999 xx 000 0 und d | ||
| 040 | _aIT-RoPAU | ||
| 040 | _cIT-RoPAU | ||
| 041 | _aITALIANO | ||
| 100 | _aTorti Maria Teresa | ||
| 100 | _gCodice Aut. SPICS: 43790 | ||
| 245 | _a"Identità e passione. La bussola interiore e la tempesta del ""magnetismo""" | ||
| 245 | _bCulture del Conflitto. Giovani metropoli Comunicazione | ||
| 250 | _a1a ed. | ||
| 260 | _aGENOVA | ||
| 260 | _bCosta & Nolan | ||
| 260 | _c1995 [1° Ed.:1995 - Ed.Ling.Originale:1995] | ||
| 300 | _a"12 p. (prefazione: no ; testo: 12 [pagine: 117-128])" | ||
| 500 | _aPrendiamoci la Vita. Ibrido Produzione/Consumo e L'Immaginario Attivo Manipolatorio. Palco Deve Essere Il Mondo. Identità di Navigazione. Giochi di Necessità e Giochi di Secessione. Altre Derive e Nuovi Incubi. | ||
| 650 | _aSOCIOLOGIA DELLA COMUNICAZIONE SOCIALE | ||
| 650 | _eCodice materia Spics: 3806 | ||
| 942 | _cBK | ||
| 957 | _71 | ||
| 999 |
_c80284 _d80284 |
||
| 999 | _g1 | ||